Բրուտի ագարակ : (Record no. 539307)
[ view plain ]
| 000 -LEADER | |
|---|---|
| fixed length control field | 00921nam a2200217 a 4500 |
| 003 - CONTROL NUMBER IDENTIFIER | |
| control field | AM-YEHGA |
| 005 - DATE AND TIME OF LATEST TRANSACTION | |
| control field | 20260123115048.0 |
| 008 - FIXED-LENGTH DATA ELEMENTS--GENERAL INFORMATION | |
| fixed length control field | 031030s1997 ai a|||gr|||| 000|||arm|d |
| 040 ## - CATALOGING SOURCE | |
| Original cataloging agency | AM-YEHGA |
| 041 0# - LANGUAGE CODE | |
| Language code of text/sound track or separate title | arm |
| 001 - CONTROL NUMBER | |
| control field | 230816 |
| 100 1# - MAIN ENTRY--PERSONAL NAME | |
| Personal name | Հարությունյան, Ալեքսան |
| 245 10 - TITLE STATEMENT | |
| Title | Բրուտի ագարակ : |
| Remainder of title | Պատմվածքներ / |
| Statement of responsibility, etc. | Ա. Հարությունյան; Խմբ. և առաջաբ. հեղ՝ Ա. Ավագյան Նկ.՝ Ն. Սահակյան. |
| 260 ## - PUBLICATION, DISTRIBUTION, ETC. | |
| Place of publication, distribution, etc. | Երևան : |
| Name of publisher, distributor, etc. | Մշակույթի հայկական ֆոնդ, |
| Date of publication, distribution, etc. | 1997. |
| 300 ## - PHYSICAL DESCRIPTION | |
| Extent | 118 էջ : |
| Other physical details | նկ. ; |
| Dimensions | 20 սմ. |
| 500 ## - GENERAL NOTE | |
| General note | Իմ հոր հիշատակին եմ նվիրում |
| 650 14 - SUBJECT ADDED ENTRY--TOPICAL TERM | |
| Topical term or geographic name entry element | Հայ գրականություն |
| General subdivision | Պատմվածքներ |
| 700 1# - ADDED ENTRY--PERSONAL NAME | |
| Personal name | Ավագյան, Արևշատ Խոսրովի, |
| Dates associated with a name | 1940- |
| Relator term | խմբ. |
| Relationship | edt |
| Relator term | առաջաբ. |
| Relationship | aui |
| 9 (RLIN) | 970 |
| 700 1# - ADDED ENTRY--PERSONAL NAME | |
| Personal name | Սահակյան, Ն. |
| Relator term | նկ. |
| Relationship | art |
| 942 ## - ADDED ENTRY ELEMENTS (KOHA) | |
| Source of classification or shelving scheme | Universal Decimal Classification |
| Koha item type | Գրքեր / Books |
| Withdrawn status | Lost status | Source of classification or shelving scheme | Damaged status | Not for loan | Collection | Home library | Current library | Date acquired | Total checkouts | Full call number | Barcode | Date last seen | Price effective from | Koha item type | Public note |
|---|---|---|---|---|---|---|---|---|---|---|---|---|---|---|---|
| Universal Decimal Classification | General | Fundamental Scientific Library | Fundamental Scientific Library | 19/11/2025 | AII/113787 | FL0698568 | 19/11/2025 | 05/12/2025 | Գրքեր / Books | 30 Days Loan | |||||
| Universal Decimal Classification | General | Fundamental Scientific Library | Fundamental Scientific Library | 19/11/2025 | AII/113788 | FL0698567 | 19/11/2025 | 05/12/2025 | Գրքեր / Books | 30 Days Loan | |||||
| Universal Decimal Classification | General | Fundamental Scientific Library | Fundamental Scientific Library | 19/11/2025 | AII/113789 | FL0698566 | 19/11/2025 | 05/12/2025 | Գրքեր / Books | 30 Days Loan | |||||
| Universal Decimal Classification | General | Fundamental Scientific Library | Fundamental Scientific Library | 19/11/2025 | AII/113790 | FL0698565 | 19/11/2025 | 05/12/2025 | Գրքեր / Books | 30 Days Loan |
ՀՀ Գիտությունների ազգային ակադեմիայի հիմնարար գիտական գրադարան = Fundamental Scientific Library of NAS RA
All site content, except where otherwise noted, is licensed under a